[Event "Dortmund Sparkassen op-A"]
[Site "Dortmund"]
[Date "2014.07.13"]
[Round "2"]
[White "Elefteriadis, Paul Gabriel"]
[Black "Steinle, Carsten"]
[Result "0-1"]
[WhiteElo "1906"]
[BlackElo "2186"]
[PlyCount "80"]
[EventDate "2014.07.12"]
[EventType "swiss"]
[EventRounds "9"]
[EventCountry "GER"]
[SourceTitle "CBM 161 Extra"]
[Source "ChessBase"]
[SourceDate "2014.08.29"]
[SourceVersion "1"]
[SourceVersionDate "2014.08.29"]
[SourceQuality "1"]

1. Nf3 e6 2. c4 b6 3. g3 Bb7 4. Bg2 Nf6 5. 0-0 Be7 6. Nc3 0-0 7. Re1 d5 8. cxd5 exd5 9. d4 Nbd7 10. Bf4 a6 11. Rc1 Rc8 12. Ne5 c5 13. e3 b5 14. Nxd7 Qxd7 15. dxc5 Rxc5 16. Qd2 Qf5 17. a3 g5 18. e4 dxe4 19. Be3 Rd8 20. Qe2 Rc4 21. b3 Rcc8 22. b4 Rc4 23. Bb6 Rdc8 24. Qd2 h6 25. h3 Qe6 26. Be3 Rd8 27. Qe2 Rd3 28. Bd2 Qd7 29. Red1 Rcd4 30. Be3 Rxd1+ 31. Nxd1 Rd3 32. Nb2 Rxa3 33. Rd1 Qe6 34. Qd2 Nd5 35. Bc5 Bf6 36. Bd4 Ra2 37. Bxf6 Qxf6 38. Bxe4 Rxb2 39. Qe1 Ne3 40. Bxb7 Nxd1 0-1

[Event "Solingen Karneval op"]
[Site "Solingen"]
[Date "2012.02.18"]
[Round "2"]
[White "Probst, Andreas"]
[Black "Elefteriadis, Paul Gabriel"]
[Result "1/2-1/2"]
[WhiteElo "2043"]
[BlackElo "1894"]
[PlyCount "83"]
[EventDate "2012.02.17"]
[EventType "swiss"]
[EventRounds "5"]
[EventCountry "GER"]
[SourceTitle "EXT 2015"]
[Source "ChessBase"]
[SourceDate "2014.11.20"]
[SourceVersion "1"]
[SourceVersionDate "2014.11.20"]
[SourceQuality "1"]

1. d4 Nf6 2. c4 e6 3. g3 d5 4. Bg2 c6 5. Nf3 Bd6 6. 0-0 0-0 7. Qc2 Nbd7 8. Nc3 dxc4 9. e4 e5 10. dxe5 Nxe5 11. Nxe5 Bxe5 12. Rd1 Qe7 13. Bg5 Bg4 14. f3 Be6 15. Be3 b5 16. Qf2 Bd6 17. e5 Bxe5 18. Bc5 Qc7 19. Bxf8 Rxf8 20. Qc5 Nd7 21. Qe3 Rd8 22. f4 Bf6 23. Kh1 b4 24. Ne2 Bxb2 25. Nd4 Bd5 26. Rab1 c3 27. Bxd5 cxd5 28. Nc2 Qc5 29. Qd4 Qxd4 30. Rxd4 Nb6 31. Nxb4 c2 32. Nxc2 Bxd4 33. Nxd4 h6 34. Kg2 Rc8 35. h4 Rc4 36. Nb5 Rc2+ 37. Kh3 Rxa2 38. Nxa7 Rxa7 39. Rxb6 Rd7 40. Kg4 Kf8 41. Kf5 Ke7 42. Ke5 1/2-1/2

[Event "Solingen Karneval op"]
[Site "Solingen"]
[Date "2012.02.17"]
[Round "1"]
[White "Elefteriadis, Paul Gabriel"]
[Black "Moeller, Laura"]
[Result "1-0"]
[WhiteElo "1894"]
[BlackElo "963"]
[PlyCount "31"]
[EventDate "2012.02.17"]
[EventType "swiss"]
[EventRounds "5"]
[EventCountry "GER"]
[SourceTitle "EXT 2015"]
[Source "ChessBase"]
[SourceDate "2014.11.20"]
[SourceVersion "1"]
[SourceVersionDate "2014.11.20"]
[SourceQuality "1"]

1. b3 e5 2. Bb2 Nc6 3. e3 Nf6 4. c4 Bc5 5. Qc2 0-0 6. a3 a5 7. Nc3 d6 8. Nf3 Be6 9. Rd1 d5 10. d4 Bd6 11. cxd5 Bxd5 12. dxe5 Bxe5 13. Nxe5 Nxe5 14. Nxd5 Nxd5 15. Bxe5 c6 16. Be2 1-0

[Event "Dortmund Sparkassen op-A"]
[Site "Dortmund"]
[Date "2011.07.25"]
[Round "3"]
[White "Kartsev, Soel"]
[Black "Elefteriadis, Paul Gabriel"]
[Result "1-0"]
[WhiteElo "2182"]
[BlackElo "1905"]
[PlyCount "83"]
[EventDate "2011.07.23"]
[EventType "swiss"]
[EventRounds "9"]
[EventCountry "GER"]
[SourceTitle "CBM 143 Extra"]
[Source "ChessBase"]
[SourceDate "2011.08.29"]
[SourceVersion "1"]
[SourceVersionDate "2011.08.29"]
[SourceQuality "1"]

1. d4 Nf6 2. Bg5 e6 3. Nf3 h6 4. Bh4 d6 5. c4 Nbd7 6. Nc3 g5 7. Bg3 Nh5 8. e4 Bg7 9. Qd3 Qe7 10. 0-0-0 Nxg3 11. hxg3 a6 12. Kb1 b6 13. Nd2 Bb7 14. f4 0-0-0 15. b4 c5 16. bxc5 dxc5 17. d5 gxf4 18. gxf4 Qf6 19. Kc2 Qxf4 20. Be2 Qf6 21. Rdf1 Qxc3+ 22. Qxc3 Bxc3 23. Kxc3 exd5 24. exd5 Rdg8 25. g4 Ne5 26. Ne4 Kc7 27. Rh5 Re8 28. Nf6 Re7 29. g5 Ng6 30. Bd3 Re5 31. Bxg6 fxg6 32. Rxh6 Re3+ 33. Kd2 Rh3 34. Rxg6 Rh2+ 35. Ke3 Rxa2 36. Rh6 Rxh6 37. gxh6 Bc8 38. Rh1 Bf5 39. h7 Ra3+ 40. Kf4 Bxh7 41. Rxh7+ Kd8 42. d6 1-0

[Event "Bielefeld Gr4"]
[Site "Bielefeld"]
[Date "2007.05.25"]
[Round "1"]
[White "Elefteriadis, Paul Gabriel"]
[Black "Diele, Ralf"]
[Result "1/2-1/2"]
[WhiteElo "1990"]
[BlackElo "1973"]
[PlyCount "78"]
[EventDate "2007.05.25"]
[EventType "tourn"]
[EventRounds "7"]
[EventCountry "GER"]
[SourceTitle "EXT 2008"]
[Source "ChessBase"]
[SourceDate "2007.11.25"]
[SourceVersion "1"]
[SourceVersionDate "2007.11.25"]
[SourceQuality "1"]

1. e4 d5 2. exd5 Qxd5 3. Nf3 g6 4. d4 Bg7 5. c3 c5 6. Na3 cxd4 7. cxd4 Nh6 8. Nb5 0-0 9. Bf4 Na6 10. Be2 Nf5 11. 0-0 Bd7 12. Nc3 Qa5 13. a3 Qb6 14. Bxa6 bxa6 15. Na4 Bxa4 16. Qxa4 Nxd4 17. Nxd4 Qxd4 18. Qxd4 Bxd4 19. Rab1 e5 20. Be3 Bxe3 21. fxe3 f5 22. Rbc1 Rfd8 23. Rfd1 e4 24. Kf1 a5 25. Rxd8+ Rxd8 26. Rc5 Rd1+ 27. Ke2 Rb1 28. Rc2 a4 29. Kd2 a5 30. Kc3 Re1 31. Kd2 Rh1 32. h3 Rg1 33. Kc3 g5 34. Kd4 Re1 35. Rc5 Rd1+ 36. Ke5 Rd3 37. Kf6 h6 38. Rc8+ Kh7 39. Rc7+ Kg8 1/2-1/2

[Event "Bielefeld Gr4"]
[Site "Bielefeld"]
[Date "2006.06.04"]
[Round "5"]
[White "Brinkmann, Andrea"]
[Black "Elefteriadis, Paul Gabriel"]
[Result "1-0"]
[WhiteElo "1759"]
[BlackElo "1752"]
[PlyCount "55"]
[EventDate "2006.06.02"]
[EventType "tourn"]
[EventRounds "7"]
[EventCountry "GER"]
[SourceTitle "EXT 2007"]
[Source "ChessBase"]
[SourceDate "2006.11.23"]
[SourceVersion "1"]
[SourceVersionDate "2006.11.23"]
[SourceQuality "1"]

1. e4 c5 2. Nf3 g6 3. g3 Bg7 4. Bg2 Nc6 5. d3 e5 6. Nbd2 Nge7 7. 0-0 0-0 8. a4 d6 9. c3 h6 10. h4 Be6 11. Re1 Qd7 12. Kh2 f5 13. exf5 Bxf5 14. Nf1 Rf7 15. Ne3 Be6 16. Rf1 Raf8 17. Kg1 d5 18. Nh2 d4 19. cxd4 Qxd4 20. Neg4 Nf5 21. Be4 h5 22. Ne3 Qd7 23. Nf3 Nxe3 24. Bxe3 Bg4 25. Bxc5 Bxf3 26. Bxf3 Rxf3 27. Bxf8 Kxf8 28. Qxf3+ 1-0

[Event "Bielefeld Gr4"]
[Site "Bielefeld"]
[Date "2006.06.03"]
[Round "2"]
[White "Neukoetter, Max"]
[Black "Elefteriadis, Paul Gabriel"]
[Result "0-1"]
[WhiteElo "1727"]
[BlackElo "1752"]
[PlyCount "90"]
[EventDate "2006.06.02"]
[EventType "tourn"]
[EventRounds "7"]
[EventCountry "GER"]
[SourceTitle "EXT 2007"]
[Source "ChessBase"]
[SourceDate "2006.11.23"]
[SourceVersion "1"]
[SourceVersionDate "2006.11.23"]
[SourceQuality "1"]

1. e4 c5 2. Nc3 a6 3. g3 b5 4. Bg2 Bb7 5. d3 e6 6. Nge2 Nf6 7. 0-0 d6 8. Bg5 Nc6 9. Qd2 Be7 10. Rab1 b4 11. Nd1 Nxe4 12. Bxe7 Nxd2 13. Bxd8 Rxd8 14. d4 Nxf1 15. Kxf1 0-0 16. Ne3 Rd7 17. Rd1 cxd4 18. Bxc6 Bxc6 19. Rxd4 Rb8 20. Nc4 Bb5 21. Rxd6 Rxd6 22. Nxd6 Bxe2+ 23. Kxe2 Kf8 24. Ne4 Ke7 25. Nc5 Rc8 26. Nd3 Rxc2+ 27. Kd1 Rc4 28. b3 Rd4 29. Ke2 Kd6 30. Ke3 e5 31. f4 f6 32. g4 Rxf4 33. Nxf4 exf4+ 34. Ke4 g5 35. Kd4 h6 36. Ke4 Kc5 37. h3 a5 38. h4 gxh4 39. Kxf4 Kd4 40. Kf3 Kc3 41. Kg2 Kb2 42. Kh3 Kxa2 43. Kxh4 Kxb3 44. Kh5 a4 45. Kxh6 a3 0-1

[Event "Lippe Cup 01st"]
[Site "Lieme"]
[Date "2004.10.24"]
[Round "5"]
[White "Elefteriadis, Paul Gabriel"]
[Black "Rehbein, Ulrich"]
[Result "1-0"]
[WhiteElo "1765"]
[BlackElo "1742"]
[PlyCount "79"]
[EventDate "2004.10.22"]
[EventType "swiss"]
[EventRounds "5"]
[EventCountry "GER"]
[SourceTitle "EXT 2012"]
[Source "ChessBase"]
[SourceDate "2011.11.24"]
[SourceVersion "1"]
[SourceVersionDate "2011.11.24"]
[SourceQuality "1"]

1. e4 d5 2. exd5 Nf6 3. d4 Nxd5 4. c4 Nb6 5. Nf3 Bg4 6. c5 Nd5 7. Bc4 c6 8. 0-0 e6 9. Qb3 Qc7 10. Ne5 Bf5 11. Nc3 Be7 12. Nxd5 exd5 13. Bd3 Bxd3 14. Qxd3 0-0 15. Bf4 Qd8 16. Rfe1 Nd7 17. Re2 Bf6 18. Rae1 Bxe5 19. Bxe5 Re8 20. Qg3 Rxe5 21. dxe5 Nxc5 22. Qe3 d4 23. Qd2 Qd5 24. b4 Ne6 25. Rd1 a5 26. a3 axb4 27. axb4 Ra4 28. g3 h6 29. f4 Qb3 30. Qd3 Rxb4 31. Qxb3 Rxb3 32. f5 d3 33. Re3 Nd4 34. Rexd3 Nf3+ 35. Kf2 Rxd3 36. Rxd3 Nxe5 37. Rd8+ Kh7 38. h3 h5 39. Ke3 Kh6 40. Kf4 1-0